Arab Strategies and Israel's Respo (Record no. 246347)

000 -LEADER
fixed length control field 00222 a2200097 4500
001 - CONTROL NUMBER
control field 11274
090 ## - LOCALLY ASSIGNED LC-TYPE CALL NUMBER (OCLC); LOCAL CALL NUMBER (RLIN)
-- 8826
-- 8826
100 ## - MAIN ENTRY--PERSONAL NAME
Personal name Harkabi, Y.
245 ## - TITLE STATEMENT
Title Arab Strategies and Israel's Respo
260 ## - PUBLICATION, DISTRIBUTION, ETC.
Place of publication, distribution, etc.
Name of publisher, distributor, etc. Collier Macmillan
Date of publication, distribution, etc.
942 ## - ADDED ENTRY ELEMENTS (KOHA)
Institution code [OBSOLETE] NUST-CAE
Koha item type
--
Holdings
Withdrawn status Lost status Damaged status Not for loan Collection code Permanent Location Current Location Date acquired Total Checkouts Barcode Date last seen Price effective from Koha item type
          College of Aeronautical Engineering (CAE) College of Aeronautical Engineering (CAE) 04/03/2017   CAE49721 04/05/2017 04/05/2017 Book
© 2023 Central Library, National University of Sciences and Technology. All Rights Reserved.